000 00539nam a2200193Ia 4500
003 OSt
005 20240603123002.0
008 210210b1976 xxu||||| |||| 00| 0 eng d
040 _cAL
041 _aKannada
082 _aK894.3 USHI
100 _aUSHA NAVARATNARAM.
_9131603
_dಉಷಾ ನವರತ್ನರಾಂ
245 _aIlle svarga.
_bಇಲ್ಲೇ ಸ್ವರ್ಗ
260 _aBengaluru
_bShri Rajalakshmi Prakashana
_c1976
300 _a188
690 _aKannada Fiction
_9131604
906 _a033520
942 _2ddc
_cBK
999 _c84568
_d84568